ZVYŠOVANIE ÚČINNOSTI KRÍŽOVÉHO VÝMENNÍKA VZDUCH-VZDUCH PRI NEPRIAMOM ADIABATICKOM CHLADENÍ

Bibliographic Details
Main Author: Krajčí, Igor (Author)
Format: Article
Language:Slovak
ISBN:8022712590

MARC

LEADER 00000naa a2200000uu 4500
001 vtls010947415
003 SK-MaSNL
005 20260302125643.0
008 210902|1999 xo |||||||||||||||||slo|
015 |a SNBRA 
035 |a (urnnbn)urn:nbn:sk:snk:ar-a0bgui 
035 |a (uuid)12945cd8-bfaa-40a3-b033-22e0af8140e0 
035 |a urn:nbn:sk:snk-aau8yj 
040 |a SNKBUCL  |b slo  |c SNKBUCL  |e AACR2 
041 0 |a slo 
044 |a xo  |c SK 
100 1 |a Krajčí, Igor  |4 aut  |9 802095 
245 1 0 |a ZVYŠOVANIE ÚČINNOSTI KRÍŽOVÉHO VÝMENNÍKA VZDUCH-VZDUCH PRI NEPRIAMOM ADIABATICKOM CHLADENÍ  |c Igor Krajčí 
773 0 |t Strojné inžinierstvo '99  |d V Bratislave : Slovenská technická univerzita, 1999  |g S. 545-548  |z 8022712590 
958 |a OND 
958 |a article11 
958 |a chapter 
999 |c 1294875  |d 1296805